Sandalwood soap and other stories/ (Record no. 181296)

000 -LEADER
fixed length control field 00459nam a22001697a 4500
020 ## - INTERNATIONAL STANDARD BOOK NUMBER
ISBN 9789353451820
082 ## - DEWEY DECIMAL CLASSIFICATION NUMBER
Classification number 823.01(ITr.)
Item number MUR/S
100 ## - MAIN ENTRY--AUTHOR NAME
Personal name Murugan Perumal
245 ## - TITLE STATEMENT
Title Sandalwood soap and other stories/
Statement of responsibility, etc by Murugan Perumal
260 ## - PUBLICATION, DISTRIBUTION, ETC. (IMPRINT)
Place of publication New Delhi:
Name of publisher Juggernaut books,
Year of publication 2023.
300 ## - PHYSICAL DESCRIPTION
Number of Pages 202p.
650 ## - SUBJECT ADDED ENTRY--TOPICAL TERM
Topical Term stories english
650 ## - SUBJECT ADDED ENTRY--TOPICAL TERM
Topical Term English literature
650 ## - SUBJECT ADDED ENTRY--TOPICAL TERM
Topical Term Literatrure
700 ## - ADDED ENTRY--PERSONAL NAME
Personal name Kavitha Muralidharan (tr.)
942 ## - ADDED ENTRY ELEMENTS (KOHA)
Koha item type Book
Holdings
Withdrawn status Lost status Damaged status Not for loan Permanent Location Current Location Shelving location Date acquired Cost, normal purchase price Full call number Accession Number Price effective from Koha item type
        Sree Sankaracharya University of Sanskrit Sree Sankaracharya University of Sanskrit Stacks 24.04.2026 599.00 823.01(ITr.) MUR/S 108214 24.04.2026 Book